000 00889nas a2200301 4500
001 BR2015002581
003 BR-BrBNA
005 20231205125336.0
007 ta
008 230509b bl.|||p| |||| 00| 00por d
040 _aBR-BrBNA
_bpor
_cBiblioteca Nacional de Agricultura
041 _a(Pt)
072 _aK50
100 1 _aLopes, C.S.D.
100 1 _aNolasco, A.M.
100 1 _aTomazello Filho, M.
100 1 _aDias, C.T. dos S.
245 1 _aAvaliação da rugosidade superficial da madeira de Eucalyptus sp submetida ao fresamento periférico
650 _aEUCALIPTO
650 _aEUCALYPTUS SSP
650 _aMADEIRA
650 _aTRATAMENTO
650 _aQUALIDADE
650 _aDENSIDADE DA MADEIRA
773 0 _tCerne (Brazil)
_xISSN 0104-7760
_g(2014), v. 20(3) p. 471-476
_wBR2015002581
909 _a202311
_bLúcia
_c55
_dLúcia Elande
942 _2AGRIS
_n0
_cANA
999 _c243881
_d243881